Airplane Recognition - WWII - Statistics

General Stats
  • This quiz has been taken 333 times
  • The average score is 18 of 36
Answer Stats
Picture Answer % Correct
A6M
87%
B-17
84%
P-40
78%
B-29
77%
P-51
76%
C-47
72%
Corsair
71%
B-24
70%
Lancaster
70%
Fw 190
69%
P-47
66%
Hurricane
64%
Hellcat
63%
Ju 87
57%
P-39
56%
Swordfish
55%
P-38
52%
Dauntless
49%
B-25
46%
Bf 109
45%
Spitfire
45%
P-61
43%
Ju 88
39%
Beaufighter
38%
Tempest
34%
Bf 110
32%
Ju 52
31%
Halifax
30%
B-26
29%
I-16
29%
Sunderland
25%
Me 410
18%
Ki-61
14%
H6K
12%
Hs 123
12%
S.M.79
10%
No matching quizzes found
Score Distribution
Percent of People with Each Score
Percentile by Number Answered
Your Score History
You have not taken this quiz